<?xml version="1.0" encoding="UTF-8"?>
<collection xmlns="http://www.loc.gov/MARC21/slim">
 <record>
  <leader>02446nam a2200217Ia 4500</leader>
  <controlfield tag="001">CTU_176204</controlfield>
  <controlfield tag="008">210402s9999    xx            000 0 und d</controlfield>
  <datafield tag="020" ind1=" " ind2=" ">
   <subfield code="c">57000</subfield>
  </datafield>
  <datafield tag="082" ind1=" " ind2=" ">
   <subfield code="a">616.3428</subfield>
  </datafield>
  <datafield tag="082" ind1=" " ind2=" ">
   <subfield code="b">Kh107</subfield>
  </datafield>
  <datafield tag="100" ind1=" " ind2=" ">
   <subfield code="a">Khánh Linh</subfield>
  </datafield>
  <datafield tag="245" ind1=" " ind2="0">
   <subfield code="a">Phát hiện và điều trị bệnh táo bón</subfield>
  </datafield>
  <datafield tag="245" ind1=" " ind2="0">
   <subfield code="c">Khánh Linh, Hà Sơn</subfield>
  </datafield>
  <datafield tag="260" ind1=" " ind2=" ">
   <subfield code="a">Hà Nội</subfield>
  </datafield>
  <datafield tag="260" ind1=" " ind2=" ">
   <subfield code="b">Hà Nội</subfield>
  </datafield>
  <datafield tag="260" ind1=" " ind2=" ">
   <subfield code="c">2011</subfield>
  </datafield>
  <datafield tag="520" ind1=" " ind2=" ">
   <subfield code="a">Táo bón là một chứng bệnh khá phổ biến trong cuộc sống hiện đại. Theo điều tra sức khỏe quốc gia năm 1991 tại Mỹ, mỗi năm có khoảng 4,5 triệu người bị ảnh hưởng dài ngày của táo bón, các đối tượng thường gặp là trẻ em, phụ nữ mang thai và người cao tuổi. Tỷ lệ bị táo bón là 26% đối với nam và 34% đối với nữ. Nhiều người thường cho rằng, nguyên nhân dẫn đến táo bón chủ yếu là do chế độ ăn uống không hợp lý (ăn nhiều chất đạm, ăn ít chất xơ) và sự thiếu vận động, trong khi đó ít người nghĩ đến những lý do khác như việc dùng thuốc chữa bệnh hay những nhóm bệnh khác có liên quan gây ra. Tác hại của táo bón không chỉ dừng lại ở cảm giác khó chịu do sự tắc nghẽn phân ở đường ruột mà còn kéo theo nhiều chứng bệnh khác như tắc ruột, rách hậu môn, trĩ, thậm chí là ung thư đại tràng... và làm nặng thêm các bệnh khác như bệnh xơ gan, bệnh lao phổi... Nội dung cuốn sách là hệ thống những kiến thức cơ bản về nguyên nhân, tác hại, cách điều trị và chế độ điều dưỡng bệnh táo bón. Đặc biệt, đối với từng nhóm bệnh nhân có nguy cơ bị bệnh táo bón, cuốn sách đều đưa ra những lời khuyên và cách hướng dẫn trị bệnh rõ ràng.</subfield>
  </datafield>
  <datafield tag="650" ind1=" " ind2=" ">
   <subfield code="a">Constipation,Intestines,Bệnh táo bón,Ruột</subfield>
  </datafield>
  <datafield tag="650" ind1=" " ind2=" ">
   <subfield code="x">Diseases,Bệnh tật</subfield>
  </datafield>
  <datafield tag="904" ind1=" " ind2=" ">
   <subfield code="i">Trọng Hiếu</subfield>
  </datafield>
  <datafield tag="980" ind1=" " ind2=" ">
   <subfield code="a">Trung tâm Học liệu Trường Đại học Cần Thơ</subfield>
  </datafield>
 </record>
</collection>
